| 000 | 00350nam a22001457a 4500 | ||
|---|---|---|---|
| 008 | 250414b ||||| |||| 00| 0 eng d | ||
| 020 | _a9788808160416 | ||
| 041 | _aITALIAN | ||
| 080 |
_22009 _a371PIT |
||
| 082 |
_2371PIT _a371PIT |
||
| 100 | _a22 | ||
| 101 | _aGJUHA ITALIANE | ||
| 245 |
_aSINONIMI E CONTRARI _cPITTANO GIUSEPPE |
||
| 942 |
_2udc _cBK |
||
| 999 |
_c60642 _d60642 |
||